|
|
|
|
| LEADER |
01183cam a2200349 7i4500 |
| 001 |
0000054618 |
| 005 |
20200930090000.0 |
| 005 |
##20200930143100.0 |
| 002 |
##000001567 |
| 003 |
##MY-KlINT |
| 008 |
151104t19841984my g 001 0 eng d |
| 020 |
# |
# |
|a 9679780015
|
| 039 |
# |
9 |
|a 202009301431
|b rozila
|c 202007101033
|d Amir
|c 202007081502
|d rozila
|y 201511041731
|z VLOAD
|
| 040 |
# |
# |
|a IKWS
|
| 082 |
0 |
0 |
|a 959.5053
|
| 090 |
0 |
0 |
|a 320.50595
|b ABD
|
| 090 |
0 |
0 |
|a PM 959.5053
|b ARP
|
| 100 |
1 |
# |
|a Abdul Rahman Putra Al-Haj,
|c Tunku,
|d 1903-1990
|e author
|
| 245 |
1 |
0 |
|a CONTEMPORARY ISSUES IN MALAYSIAN POLITICS /
|c Tunku Abdul Rahman Putra.
|
| 264 |
# |
0 |
|a Petaling Jaya, Selangor
|b PELANDUK PUBLICATIONS
|c [1984]
|
| 264 |
# |
0 |
|c ♭1984
|
| 300 |
# |
# |
|a viii, 397 pages;
|c 19cm.
|
| 336 |
# |
# |
|a text
|2 rdacontent
|
| 337 |
# |
# |
|a unmediated
|2 rdamedia
|
| 338 |
# |
# |
|a volume
|2 rdacarrier
|
| 500 |
# |
# |
|a Includes index
|
| 583 |
# |
# |
|a LULUS
|
| 650 |
# |
0 |
|a Politics and government --
|z Malaysia
|
| 997 |
|
|
|a IKWS ELMU
|
| 998 |
|
|
|a 3000018063 0000193441
|
| 999 |
|
|
|a 0000193441
|b BOOK
|c Main Non-Fiction
|e INTAN Kampus Wilayah Utara
|
| 999 |
|
|
|a 3000018063
|b BOOK
|c Main Non-Fiction
|e INTAN Kampus Wilayah Selatan
|